000 00595nam a2200181 a 4500
001 000027002
005 20200930030536.0
008 110328s1989 dr 000 0 spa d
040 _aDO-SdBNP
_bspa
_cBNPHU
082 _axxxx
_bL768i
100 1 _aLiriano Alejandra
_954103
245 1 0 _aIdentidad nacional :
_balgunos elementos para su compresión /
_cAlejandra Liriano.
260 _aSanto Domingo :
_bCentro Poveda,
_c1989.
300 _a57 p. ;
_c21 cm.
504 _aIncluye referencias bibliográficas y notas al pie de las páginas
504 _aBibliografía : p. 36-37
049 _aBNPD
999 _c26494
_d26494